Movies Quiz

Random Movies Quiz

Lilo & Stitch - Experiments Quiz part 1 Stats

Quiz not verified by Sporcle

Challenge
Share
Tweet
Embed
Score 0/100 Timer 06:00
0 Plays Today
% Correct
gigi
70.3%
shrink
62.2%
felix
56.8%
doubledip
55%
fibber
36.9%
howcome
35.1%
pop
33.3%
squawk
31.5%
truxx
31.5%
topper
31.5%
slick
29.7%
checkers
29.7%
hammerface
28.8%
percy
27.9%
carmine
27.9%
frenchfry
27.9%
kernel
27%
inkstain
26.1%
furry
24.3%
antitherm
23.4%
twang
23.4%
ruggles
22.5%
hertz donut
22.5%
lidds
21.6%
hamlette
21.6%
gotchu
21.6%
matt
20.7%
poki
20.7%
forehead
20.7%
clumsy
19.8%
lori
19.8%
backhoe
19.8%
puck
18.9%
pawn
18.9%
% Correct
cyclo
18%
plushy
18%
vialet
18%
splort
17.1%
melvin
17.1%
wedgie
17.1%
lorider
17.1%
hocker
17.1%
coco
17.1%
fudgy
17.1%
atlas
16.2%
philip
15.3%
echo
15.3%
whine
15.3%
snipper
14.4%
plats
14.4%
cubesteak
14.4%
picker
14.4%
dunk
14.4%
itch
13.5%
skip
13.5%
kitsch
12.6%
h.t.
12.6%
snarfhonk
11.7%
nibbiolo
11.7%
shortsheet
11.7%
plink
11.7%
tornette
10.8%
tenderizer
9.9%
pufferizer
9.9%
britfood
9.9%
tom
9.9%
penny
9.9%
zawp
9.9%
% Correct
anachronator
9%
nappifier
9%
glam
9%
shady
9%
flapjack
9%
stickystuck
9%
spot
9%
clink
8.1%
cornerpiece
7.2%
woowoo
7.2%
bath matt
7.2%
trickster
6.3%
welko
5.4%
snozzle
5.4%
fogger
5.4%
dan
5.4%
plunge
5.4%
fetchit
5.4%
backscratcher
4.5%
grimple
4.5%
subwoof
4.5%
screwup
4.5%
puddles
4.5%
decrisper
4.5%
nutsy
4.5%
gutman
4.5%
unkind
4.5%
louis b
4.5%
coaster
4.5%
cable dude
4.5%
dogalarm
4.5%
cooper
4.5%

You're not logged in!

Compare scores with friends on all Sporcle quizzes.
Join for Free
OR
Log In

You Might Also Like...

Show Comments

Extras

Created Dec 30, 2009ReportNominate
Tags:experiment, lilo, Lilo Stitch, stitch

Top Quizzes Today


Score Distribution

Your Account Isn't Verified!

In order to create a playlist on Sporcle, you need to verify the email address you used during registration. Go to your Sporcle Settings to finish the process.

Report this User

Report this user for behavior that violates our Community Guidelines.

Details: